Famous Historical 'N' First Names Quiz Stats

 Plays Quiz Updated Mar 8, 2016

Challenge
Share
Tweet
Embed
Score 0/30 Timer 05:00
3 Plays Today
% Correct
Neil
94.3%
Napoleon
94.2%
Nelson
94.2%
Nicole
93.6%
Nat
92.3%
Neville
84.8%
Nancy
84.2%
Norman
82.2%
Nikita
82%
Nadia
81.3%
Niels
76.7%
Nikola
75.9%
Niccolo
75.3%
Nathan
75.3%
Nina
72.3%
% Correct
Nicolaus
69.9%
Nolan
68.8%
Ngo
66.9%
Ned
65.8%
Noam
65.4%
Noah
60.8%
Nanook
50.9%
Nnamdi
50.6%
Nasir al-Din
49%
Nawaz
46%
Nana
36.3%
Nestor
33.5%
Nur
29.9%
Nannie
18.7%
Naomi
10.2%

You're not logged in!

Compare scores with friends on all Sporcle quizzes.
OR
Log In

You Might Also Like...

Show Comments

Extras

Top Quizzes Today


Score Distribution

Your Account Isn't Verified!

In order to create a playlist on Sporcle, you need to verify the email address you used during registration. Go to your Sporcle Settings to finish the process.

Report this User

Report this user for behavior that violates our Community Guidelines.

Details: